| 000 | 00641nam a2200217Ia 4500 | ||
|---|---|---|---|
| 008 | 160319s9999 xx 000 0 und d | ||
| 020 | _a971-08-3091-0 | ||
| 050 | _aFIL PE 1112 | ||
| 050 | _b.H36 2005 c.2 | ||
| 245 | _aHandbook of English grammar : | ||
| 245 | _bwith graded exercises / | ||
| 245 | _cCorazon J. Amores… [et al] | ||
| 260 | _aMandaluyong: | ||
| 260 | _bNational Book Store, | ||
| 260 | _c2005 | ||
| 300 | _a216 pages : | ||
| 300 | _billustrations ; | ||
| 300 | _c22 cm. | ||
| 650 | _aEnglish language -- Grammar -- Problems, exercises, etc. | ||
| 650 | _xEnglish language -- Grammar -- Study and teaching. | ||
| 999 |
_c291747 _d291747 |
||